Owners braking in slow economy (Record no. 69171)

MARC details
000 -LEADER
fixed length control field 01100cam a2200229 4500
001 - CONTROL NUMBER
control field ABS64870
008 - FIXED-LENGTH DATA ELEMENTS--GENERAL INFORMATION
fixed length control field 020103n2001 000 0 eng u
035 ## - SYSTEM CONTROL NUMBER
System control number (Sirsi) u116115
100 ## - MAIN ENTRY--PERSONAL NAME
Personal name Tulacz, G.
245 ## - TITLE STATEMENT
Title Owners braking in slow economy
260 ## - PUBLICATION, DISTRIBUTION, ETC.
Date of publication, distribution, etc. 2001
490 ## - SERIES STATEMENT
Series statement Engineering News Record
Volume/sequential designation November 12 2001, 30-32(3)
520 ## - SUMMARY, ETC.
Summary, etc. Analysis of the corporate construction market. Gives information on top firms in each sector including industrial and machinery equipment and chemical and allied products. Concludes that with the economy growing less companies are re-examining construction programs. The downturn is particularly noticeable in the commercial building market, with vacancy rates increasing dramatically. Also considers the need to attract high quality professionals to the construction to ensure future success.
590 ## - LOCAL NOTE (RLIN)
Local note ABS
650 ## - SUBJECT ADDED ENTRY--TOPICAL TERM
Topical term or geographic name entry element CONSTRUCTION MARKET
650 ## - SUBJECT ADDED ENTRY--TOPICAL TERM
Topical term or geographic name entry element CONSTRUCTION COMPANIES
650 ## - SUBJECT ADDED ENTRY--TOPICAL TERM
Topical term or geographic name entry element ECONOMIC PERFORMANCE
650 ## - SUBJECT ADDED ENTRY--TOPICAL TERM
Topical term or geographic name entry element CAPITAL PROJECTS
650 ## - SUBJECT ADDED ENTRY--TOPICAL TERM
Topical term or geographic name entry element SKILL SHORTAGES
690 ## - LOCAL SUBJECT ADDED ENTRY--TOPICAL TERM (OCLC, RLIN)
Topical term or geographic name as entry element BUILDING AND CONSTRUCTION-PROJECTS
942 ## - ADDED ENTRY ELEMENTS (KOHA)
Suppress in OPAC 0
Holdings
Withdrawn status Lost status Source of classification or shelving scheme Damaged status Not for loan Home library Current library Shelving location Date acquired Total Checkouts Full call number Barcode Date last seen Copy number Price effective from Koha item type
    Dewey Decimal Classification     London London Journal article 03/01/2002   ABS64870 116115-1001 06/08/2019 1 06/08/2019 Journal article